000 00432nam a2200157 i 4500
001 62164
003 ES-MaACL
005 20230906164623.0
007 t|
008 031118s1933 po ||||1| por d
100 1 _aFazenda, Pedro.
_949031
245 1 2 _aA crença e a dor /
_cPedro Fazenda.
260 _aLisboa :
_b[s.n.],
_c1933 (
_eCoimbra :
_fImp. universidade)
300 _aXLII, 207 p. ;
_c20 cm.
852 _aES-MaACL
_jA-1550
999 _c62164
_d62164